[Event "Challenge"]
[Site "http://www.queenalice.com/game.php?id=311418"]
[Date "2007.11.28"]
[Round "-"]
[White "arnor"]
[Black "technicaldraw"]
[Result "1-0"]
[WhiteElo "1701"]
[BlackElo "2009"]

1. d4 Nf6 2. Nf3 e6 3. Nc3 d5 4. Bf4 c6 5. a3 Be7 6. e3 Nbd7 7. Bd3 Nh5 8. Be5
Nhf6 9. h3 Nxe5 10. dxe5 Nd7 11. O-O a6 12. Re1 Qc7 13. e4 dxe4 14. Rxe4 Nc5 15.
Re2 Nxd3 16. cxd3 Bd7 17. d4 O-O-O 18. Ne4 f5 19. Nc5 Bxc5 20. dxc5 Be8 21. Qb3
1-0

[Event "Challenge"]
[Site "http://www.queenalice.com/game.php?id=311419"]
[Date "2007.11.28"]
[Round "-"]
[White "technicaldraw"]
[Black "arnor"]
[Result "1-0"]
[WhiteElo "2005"]
[BlackElo "1714"]

1. e4 c5 2. Nf3 Nc6 3. Bb5 Nf6 4. e5 Nd5 5. O-O e6 6. Nc3 Nxc3 7. bxc3 Qb6 8. a4
d5 9. Ba3 Bd7 10. Re1 c4 11. Bxf8 Rxf8 12. Rb1 f6 13. Nd4 Qc5 14. Qh5+ Rf7 15.
exf6 gxf6 16. Nxe6 Bxe6 17. Rxe6+ Kf8 18. Qh6+ 1-0

[Event "Challenge"]
[Site "http://www.queenalice.com/game.php?id=315707"]
[Date "2007.12.6"]
[Round "-"]
[White "hjalmart"]
[Black "arnor"]
[Result "1-0"]
[WhiteElo "1679"]
[BlackElo "1742"]

1. d4 d5 2. e3 Nf6 3. h3 Bf5 4. Bd3 e6 5. Bxf5 exf5 6. a3 c5 7. Nf3 Nc6 8. O-O
Ne4 9. Nbd2 Bd6 10. c3 O-O 11. Re1 Ne7 12. c4 Re8 13. Nb3 b6 14. Nfd2 Ng6 15. f3
Ng3 16. cxd5 Nh4 17. e4 Qg5 18. Nc4 Qg6 19. Nxd6 Qxd6 20. Bg5 Ng6 21. Nd2 cxd4
22. Nc4 Qc5 23. b3 d3+ 24. Ne3 f4 25. Kh2 fxe3 26. Kxg3 Qd6+ 27. f4 Rxe4 28. Qf3
Rae8 29. Rad1 Qxd5 30. Kh2 f6 31. Rxe3 fxg5 32. Rdxd3 Qc6 33. Rxe4 Rxe4 34. Re3
Re6 35. Rxe6 Qxe6 36. f5 Qe5+ 37. Kh1 Qe1+ 38. Kh2 Qe5+ 39. Kg1 Nh4 40. Qg4 h6
41. Qc4+ Kh7 42. Qd3 Qe1+ 43. Kh2 Qe5+ 44. Kg1 Kg8 45. Kh1 Nxf5 46. Qd8+ Kf7 47.
Qd7+ 1-0

[Event "Challenge"]
[Site "http://www.queenalice.com/game.php?id=319963"]
[Date "2007.12.14"]
[Round "-"]
[White "arnor"]
[Black "Capixaba789"]
[Result "0-1"]
[WhiteElo "1779"]
[BlackElo "1809"]

1. e4 d6 2. d4 Nc6 3. Nc3 e6 4. Nf3 Nf6 5. Bb5 Bd7 6. O-O Be7 7. Re1 a6 8. Ba4
b5 9. Bb3 b4 10. Na4 h6 11. e5 dxe5 0-1

[Event "Challenge"]
[Site "http://www.queenalice.com/game.php?id=470497"]
[Date "2008.9.30"]
[Round "-"]
[White "Kn30"]
[Black "arnor"]
[Result "0-1"]
[WhiteElo "1110"]
[BlackElo "1707"]

1. e4 e5 2. Nc3 Nc6 3. Nf3 Nf6 4. Bc4 Bb4 5. Na4 Nxe4 6. O-O d5 7. Bd3 Bg4 8. c3
Be7 9. c4 Nc5 10. Nxc5 Bxc5 11. Qa4 O-O 12. Qb5 Qd6 13. Ng5 e4 14. Bc2 Qg6 15.
d4 Bxd4 16. Qxd5 Rad8 17. Qxe4 Qxe4 18. Bxe4 Be2 19. Re1 Bxc4 20. Bf4 Nb4 21.
Rac1 b5 22. a3 f6 23. Nf3 Bxb2 24. Rb1 Bxa3 25. Bxc7 Bd3 26. Rbd1 Rd7 27. Ba5
Rc8 28. Ra1 Nc2 29. Ra2 Nxe1 30. Bxe1 Bxe4 31. Rd2 Re7 32. h3 Bxf3 33. Kf1 Bb4
34. gxf3 Bxd2 35. Bxd2 Rc2 36. Bb4 Ree2 37. Ba3 Rxf2+ 38. Kg1 Rfd2 39. Bb4 Rd1+
40. Be1 Rxe1# 0-1

[Event "Challenge"]
[Site "http://www.queenalice.com/game.php?id=470919"]
[Date "2008.10.1"]
[Round "-"]
[White "prmntgen"]
[Black "arnor"]
[Result "0-1"]
[WhiteElo "1595"]
[BlackElo "1707"]

1. d4 Nf6 2. c4 e6 3. e3 c6 4. Nc3 Bb4 5. Bd2 Bxc3 6. Bxc3 b6 7. Nf3 Bb7 8. c5
Nd5 9. cxb6 axb6 10. a3 d6 11. Bd3 Nd7 12. Qd2 c5 13. b4 Nxc3 14. Qxc3 Bxf3 0-1

[Event "Challenge"]
[Site "http://www.queenalice.com/game.php?id=472996"]
[Date "2008.10.5"]
[Round "-"]
[White "arnor"]
[Black "Kn30"]
[Result "1-0"]
[WhiteElo "1707"]
[BlackElo "1110"]

1. e4 e5 2. Nf3 Nc6 3. Bc4 Qf6 4. Nc3 Bc5 5. Nd5 Qd6 6. Nh4 Bd4 7. Qf3 Nb4 8.
Nxc7+ Kd8 9. Nb5 Qc5 10. O-O Qxc4 11. Nd6 Qe6 12. Nxf7+ Ke8 13. Nxh8 Nxc2 14.
Nf5 Nf6 15. Nxg7+ Ke7 16. Nxe6 dxe6 17. Rb1 Bd7 18. d3 Rg8 19. Be3 Bb5 20. Rbc1
Bxd3 21. Rfd1 Rxh8 22. Rxd3 Nb4 23. Rb3 Nxa2 24. Rxb7+ Nd7 25. Bg5+ Kd6 26. Rcc7
Rb8 27. Be7+ Kxe7 28. Rxd7+ Ke8 29. Qf7# 1-0

[Event "Challenge"]
[Site "http://www.queenalice.com/game.php?id=991158"]
[Date "2011.9.28"]
[Round "-"]
[White "arnor"]
[Black "Kn30"]
[Result "1-0"]
[WhiteElo "1722"]
[BlackElo "1110"]

1. e4 e5 2. Nf3 Nc6 3. Nc3 Nf6 4. Bc4 Bc5 5. O-O d6 6. h3 O-O 7. b3 Bb4 8. Qe2
Qe7 9. Nd5 Qe6 10. Nxc7 Qd7 11. Nxa8 1-0

[Event "Challenge"]
[Site "http://www.queenalice.com/game.php?id=991302"]
[Date "2011.9.29"]
[Round "-"]
[White "micbodu75"]
[Black "arnor"]
[Result "0-1"]
[WhiteElo "1757"]
[BlackElo "1722"]

1. e4 e5 2. f3 Bc5 3. Nh3 Nc6 4. c3 Qe7 5. Bb5 Qh4+ 6. Ke2 Nge7 7. Qe1 Qxe1+ 8.
Rxe1 O-O 9. Bxc6 bxc6 10. b4 Bb6 11. Ba3 d6 12. d4 exd4 13. Bb2 Ba6+ 14. Kd2 c5
15. Nf4 Nc6 16. Na3 cxb4 17. cxb4 Nxb4 18. Nd5 Nd3 19. Nxb6 axb6 20. Bxd4 Nxe1
21. Rxe1 c5 22. Be3 b5 23. Bf4 Rfd8 24. Ke3 b4 25. Nc2 Bc4 26. Rd1 Rxa2 27. Rc1
b3 28. Ne1 Re2# 0-1

[Event "one more?"]
[Site "http://www.queenalice.com/game.php?id=999408"]
[Date "2011.10.20"]
[Round "-"]
[White "arnor"]
[Black "micbodu75"]
[Result "1-0"]
[WhiteElo "1743"]
[BlackElo "1693"]

1. e4 e6 2. d4 d5 3. Nc3 c6 4. Bf4 Bd6 5. e5 Be7 6. Nf3 h6 7. Qd2 g5 8. Be3 b5
9. g4 Ba6 10. h4 gxh4 11. g5 hxg5 12. Bxg5 Bxg5 13. Nxg5 b4 14. Bxa6 Nxa6 15.
Ne2 Rc8 16. Qf4 f6 17. exf6 Qxf6 18. Qxf6 Nxf6 19. Nf4 Nc7 20. O-O-O Ne4 21.
Nxe4 dxe4 22. Rde1 Kf7 23. Rxe4 Rce8 24. Nd3 a5 25. Ne5+ Kf6 26. Rf4+ Kg5 27.
Rf7 Nb5 28. Rg1+ Kh5 29. Rfg7 Kh6 30. R1g5 1-0

[Event "Challenge"]
[Site "http://www.queenalice.com/game.php?id=999507"]
[Date "2011.10.20"]
[Round "-"]
[White "amarkin"]
[Black "arnor"]
[Result "1-0"]
[WhiteElo "2599"]
[BlackElo "1743"]

1. e4 c5 2. Nf3 d6 3. d4 cxd4 4. Nxd4 Nf6 5. Nc3 a6 6. Be3 Nc6 7. f3 e5 8. Nb3
Be6 9. Nd5 Bxd5 10. exd5 Ne7 11. c4 b6 12. a4 a5 13. Bd3 g6 14. f4 e4 15. Bxe4
Bg7 16. Bd3 O-O 17. O-O Ng4 18. Qxg4 f5 19. Qe2 1-0

[Event "Ready to try again :)"]
[Site "http://www.queenalice.com/game.php?id=1025038"]
[Date "2012.2.2"]
[Round "-"]
[White "micbodu75"]
[Black "arnor"]
[Result "1-0"]
[WhiteElo "1746"]
[BlackElo "1758"]

1. d4 d5 2. Nf3 Nc6 3. e3 Bf5 4. Bd3 e6 5. Ne5 Nxe5 6. dxe5 Qg5 7. g3 Bxd3 8.
Qxd3 Qxe5 9. Qb5+ c6 10. Qxb7 Rd8 11. Qxc6+ Rd7 12. Qc8+ Rd8 13. Qc6+ Rd7 14.
O-O Qc7 15. Qa4 Nf6 16. f3 Bc5 17. c4 O-O 18. Rd1 Rfd8 19. Nc3 d4 20. exd4 Bxd4+
21. Kg2 Qb7 22. Qb5 Qc7 23. Ne2 h6 24. Nxd4 Rxd4 25. Bf4 Qb6 26. Qxb6 axb6 27.
Rxd4 Rxd4 28. b3 Nh5 29. Bc7 g5 30. h4 f5 31. Bxb6 Rd2+ 32. Kh3 Kf7 33. a4 Rd3
34. hxg5 hxg5 35. Rf1 Rxb3 36. a5 Rb4 37. c5 g4+ 38. Kh4 Kg6 39. a6 gxf3+ 40.
Kh3 Rb3 41. a7 Ra3 42. Rxf3 Ra1 43. Kg2 Kg5 44. c6 Kg4 45. c7 Ra2+ 46. Bf2 Rc2
47. a8=Q Rxc7 48. Qd8 1-0

[Event "Challenge"]
[Site "http://www.queenalice.com/game.php?id=1059651"]
[Date "2012.5.14"]
[Round "-"]
[White "jujuju"]
[Black "arnor"]
[Result "0-1"]
[WhiteElo "2172"]
[BlackElo "1741"]

1. d4 d5 2. c4 dxc4 3. Nf3 Nf6 4. Na3 e6 5. Nxc4 Nc6 6. Be3 b5 7. Ncd2 Bb4 8. a3
Bxd2+ 9. Kxd2 e5 10. Kc1 e4 11. Ne5 Nxe5 12. dxe5 Nd5 13. Bd4 O-O 0-1

[Event " june 2012"]
[Site "http://www.queenalice.com/game.php?id=1066503"]
[Date "2012.5.31"]
[Round "-"]
[White "arnor"]
[Black "micbodu75"]
[Result "1-0"]
[WhiteElo "1741"]
[BlackElo "1683"]

1. e4 e5 2. Nf3 d5 3. Nxe5 dxe4 4. Nc3 Qd4 5. Ng4 f5 6. Ne3 Ne7 7. Nb5 Qc5 8. d4
Qb6 9. Bc4 a6 10. Nc3 Nbc6 11. Ncd5 Nxd5 12. Nxd5 Qa5+ 13. Bd2 Nb4 14. a3 Qa4
15. Nxc7+ Kd8 16. Nxa8 Nxc2+ 17. Kf1 Qxc4+ 18. Qe2 Qb3 19. Rc1 Qxb2 20. Ba5+ Ke8
21. Rxc2 Qb1+ 22. Be1 Bd7 23. Rb2 Qc1 24. Qd2 Qc8 25. Nb6 Qd8 26. a4 Ba3 27. Rb3
Qe7 28. Nxd7 Qxd7 29. Rxa3 Kf7 30. Qa2+ Kg6 31. Rg3+ Kf6 32. Bc3 f4 33. d5+ Kf5
34. Rxg7 Qc8 35. Rf7+ Kg6 36. d6 Rf8 37. Rxf8 Qxf8 38. Qe6+ Kg5 39. Qe7+ Qxe7
40. dxe7 1-0

[Event "Challenge"]
[Site "http://www.queenalice.com/game.php?id=1080923"]
[Date "2012.7.9"]
[Round "-"]
[White "Zoe"]
[Black "arnor"]
[Result "1-0"]
[WhiteElo "1872"]
[BlackElo "1755"]

1. d4 d5 2. Nf3 Nc6 3. e3 Nf6 4. a3 Bf5 5. Bd3 Bxd3 6. Qxd3 e6 7. Nbd2 Bd6 8.
O-O O-O 9. e4 dxe4 10. Nxe4 Nxe4 11. Qxe4 h6 12. Qg4 Qf6 13. c3 Rfe8 14. Be3 Kf8
15. Rfe1 Qf5 16. Qxf5 exf5 17. Nh4 f4 18. Bd2 Rxe1+ 19. Rxe1 Re8 20. Rxe8+ Kxe8
21. Nf5 Kd7 22. Nxg7 Ne7 23. c4 c6 24. Nh5 Ng6 25. Nf6+ Ke6 26. Ng8 h5 27. Nh6
b6 28. h3 Nh4 29. Kf1 Kf6 30. g3 fxg3 31. fxg3 Bxg3 32. Ng8+ Kf5 33. Ne7+ Ke4
34. Nxc6 Kd3 35. Bc3 Nf5 36. Nxa7 Nxd4 37. Kg2 h4 38. Nc8 Kxc4 39. Nxb6+ Kd3 40.
a4 Ne2 41. Bf6 Nf4+ 42. Kh1 Ke2 43. a5 Kf1 44. Bd4 Nxh3 45. a6 Bf2 46. Bxf2
Nxf2+ 47. Kh2 1-0

[Event "nov 2012"]
[Site "http://www.queenalice.com/game.php?id=1117778"]
[Date "2012.10.31"]
[Round "-"]
[White "arnor"]
[Black "micbodu75"]
[Result "1-0"]
[WhiteElo "1744"]
[BlackElo "1674"]

1. e4 Nc6 2. d4 e6 3. Nf3 Nf6 4. Bd3 d5 5. e5 Ne4 6. O-O f6 7. Re1 Be7 8. Bf4 g5
9. exf6 Bxf6 10. Be5 O-O 11. Bxf6 Qxf6 12. Qe2 Nxd4 13. Qe3 e5 14. Nc3 Be6 15.
Nxe4 dxe4 16. Bxe4 c6 17. Nxd4 exd4 18. Qd2 Rad8 19. a4 a5 20. Ra3 Bd5 21. Rf3
Qg7 22. Qxa5 Qd7 23. Rxf8+ Rxf8 24. Qb4 Qg7 25. Bxd5+ cxd5 26. g4 Qf6 27. Qd2
Qf4 28. Qxf4 Rxf4 29. h3 Kf7 30. a5 Re4 31. Rd1 Re2 32. Rxd4 Ke6 33. Rb4 Rxc2
34. Rxb7 d4 35. Rb3 Rc1+ 36. Kg2 Ra1 37. Ra3 Rb1 38. a6 Rxb2 39. a7 d3 40. a8=Q
d2 41. Qe4+ Kf7 42. Ra7+ 1-0

[Event "November 2012"]
[Site "http://www.queenalice.com/game.php?id=1119078"]
[Date "2012.11.5"]
[Round "-"]
[White "pacou93"]
[Black "arnor"]
[Result "0-1"]
[WhiteElo "1819"]
[BlackElo "1757"]

1. e4 e5 2. Nf3 d6 3. Bc4 Be7 4. c3 c5 5. d4 cxd4 6. cxd4 exd4 7. Nxd4 Nf6 8.
Nc3 O-O 9. O-O Nc6 10. Bf4 a6 11. h3 Qb6 12. Nxc6 bxc6 13. b3 Rd8 14. Qc2 d5 15.
exd5 cxd5 16. Bd3 Qc6 17. Ne2 Qxc2 18. Bxc2 h6 19. Nd4 Bb7 20. Rfe1 Bc5 21. Be5
Bxd4 22. Bxd4 Rac8 23. Bxf6 gxf6 24. Bf5 Rc3 25. Re7 Bc8 26. Bxc8 Rcxc8 27. Rae1
d4 28. f4 d3 29. a4 d2 0-1

[Event "NST"]
[Site "http://www.queenalice.com/game.php?id=1120888"]
[Date "2012.11.10"]
[Round "-"]
[White "arnor"]
[Black "MsJARDEAN"]
[Result "1-0"]
[WhiteElo "1775"]
[BlackElo "1612"]

1. e4 e5 2. Nf3 d6 3. d4 exd4 4. Nxd4 c5 5. Nf3 Nc6 6. Nc3 Nf6 7. Bc4 Bg4 8. O-O
Bxf3 9. Qxf3 Be7 10. Bf4 Qd7 11. h3 O-O 12. Rad1 Na5 13. Bd5 Nxd5 14. exd5 Nc4
15. b3 Ne5 16. Qe4 f5 17. Qe3 Ng6 18. g3 b6 19. a4 Bf6 20. Nb5 Rfe8 21. Qd2 Ne5
22. Kg2 a6 23. Nc3 b5 24. a5 g5 25. Bxg5 Qg7 26. Bxf6 Qxf6 27. f4 Ng6 28. Rfe1
Qf7 29. Rxe8+ Rxe8 30. Ne2 b4 31. Kf3 h5 32. Qd3 Ra8 33. c3 bxc3 34. Nxc3 h4 35.
g4 Qc7 36. Qxf5 1-0

[Event "April 2013"]
[Site "http://www.queenalice.com/game.php?id=1171705"]
[Date "2013.4.14"]
[Round "-"]
[White "micbodu75"]
[Black "arnor"]
[Result "0-1"]
[WhiteElo "1636"]
[BlackElo "1784"]

1. d4 d5 2. Nf3 Nf6 3. Nc3 Bf5 4. g3 e6 5. e3 Be7 6. Ne5 O-O 7. Bd3 Nc6 8. Qf3
Bxd3 9. Nxd3 Nb4 10. Qe2 Nxd3+ 11. Qxd3 c5 12. b3 Rc8 13. Nb5 a6 14. Nc3 b5 15.
a3 Qa5 16. O-O c4 17. Qd2 cxb3 18. Bb2 bxc2 19. a4 Bb4 20. axb5 Qxb5 21. Qxc2
Bxc3 22. Bxc3 Rc6 23. Rfc1 Rfc8 24. Qb1 h6 25. Qxb5 axb5 26. Bb2 Rc4 27. Kg2 b4
28. Rxc4 dxc4 29. Kf3 c3 30. Bc1 g5 31. h4 b3 32. Ba3 b2 33. Re1 Ra8 34. Bxb2
cxb2 35. Rb1 Rb8 36. hxg5 Nd5 37. gxh6 Nc3 38. Rxb2 Rxb2 39. g4 Nd1 40. Kg3 Rxf2
41. g5 Kh7 42. e4 Rd2 43. Kf4 Rxd4 44. Ke5 Rd2 45. Kf6 Rf2+ 46. Ke7 Nc3 0-1